000 00501cam a2200181ua 4500
020 _cRs 1.50
041 _amal
_h
082 _a894.812 2
_bCHE/KS
100 _aChellappan Nair, N P .
245 _aKsheerabala sahacharadi kashayathil /
_cN P Chellappan Nair.
_hTextual Documents
260 _aKottayam :
_bSahitya Pravarthaka Co-operative Society ,
_c1962.
300 _a120 ; .
365 _aRs 1.50
504 _a
650 _aDrama - Malayalam
942 _cBK
999 _c458
_d458